000 00365pab a2200169 454500
008 180718b2012 xxu||||| |||| 00| 0 eng d
100 _aKaviraj, Naraharik
245 _aWhither CIP-M?
260 _c2012
300 _ap.31-35.
362 _a28 Jan
650 _aCPI-M
650 _aPolitical parties
773 _aMainstream
908 _aN
909 _a95549
999 _c95549
_d95549